| 000 | 01380cam a22003617a 4500 | ||
|---|---|---|---|
| 003 | CHAP | ||
| 005 | 20220329142214.0 | ||
| 008 | 000215d1999 mx r 00110 spa d | ||
| 010 | _a79901 | ||
| 011 | _a80873 | ||
| 035 | _a91327 | ||
| 040 | _cCHAP | ||
| 090 | _aTesis | ||
| 100 | 0 | 0 |
_aEspinosa Carmona, María Luz. _937901 |
| 245 | 1 | 0 |
_aControl químico de la maleza de hoja ancha por medio de herbicidas hormonales y sulfonilúreas en trigo (Triticum aestivum L.), en Chapingo, México _c/por María Luz Espinosa Carmona |
| 260 |
_aChapingo, Méx. : _bEl autor, _c1999. |
||
| 300 |
_a39 h. : _bcuadros |
||
| 502 | _aTesis (Ing. Agr. Esp. en Parasitología Agrícola) -- UACH. Departamento de Parasitología Agrícola | ||
| 590 |
_aALEPH _b10 _c20130110 _lUCH01 _h1434 |
||
| 590 |
_aBATCH-UPD _b10 _c20130110 _lUCH01 _h0428 |
||
| 590 |
_aBATCH-UPD _b10 _c20130410 _lUCH01 _h0103 |
||
| 590 |
_aBATCH-UPD _b10 _c20130914 _lUCH01 _h1321 |
||
| 590 |
_aCONVERSION _b10 _c20130109 _lUCH01 _h1344 |
||
| 650 | 1 | 4 |
_aHerbicidas. _953691 |
| 650 | 1 | 4 |
_aTrigo _xMalas hierbas _xControl. _9115054 |
| 650 | 1 | 4 |
_aTrigo _zMéxico (Edo.). _9115131 |
| 901 | _aBK | ||
| 905 | _aGuadalupe Pinto C. | ||
| 942 | _cFOLL | ||
| 949 |
_bBC _cTES _d33724000740759 _eTS2 _fc.2 _h34557 _i91327 _si |
||
| 949 |
_bBC _cTES _d33724000761433 _eTS2 _fc.3 _h35751 _i91327 _sb |
||
| 949 |
_bBC _cTES _d913271 _eTS1 _h34556 _i91327 _sb |
||
| 999 |
_c79901 _d79901 |
||